Statistics for Harry Potter Spells *INSANELY HARD*

Click here to take the quiz!

General Stats

  • This quiz has been taken 34 times
  • The average score is 4 of 10

Answer Stats

ACTIONSPELL% Correct
Hangs the target in the air by their feet.Levicorpus
88%
Conjures and projects the dark mark.Morsmordre
77%
Inflicts severe lacerations on the target.Sectumsempra
77%
Allows the caster to invade and navigate ones mind.Legilimens
54%
Hides areas from muggles.Repello Muggletum
27%
A song like incantation that counters the above spell.Vulnera Sanentur
27%
Brings inanimate objects to life.Piertotum Locomotor
23%
Conjures flares / red sparkles.Periculum
19%
Produces a powerful magical charm that creates a protective ring of black fire around the caster in which incinerates enemies and leaves allies unharmed when entering the ring.Protego Diabolica
12%
Takes paralysed effects away from the target.Reparifors
4%

Score Distribution

Percentile by Number Answered

Percent of People with Each Score

Your Score History

You have not taken this quiz